平成に消滅・改称した鳥取県の市町村 - Statistics

General Stats
  • This quiz has been taken 25 times
  • The average score is 22 of 28
Answer Stats
変更年月日 変更内容 回答 変更後の市町村 % Correct
2005.03/31 新設合併 郡家町 八頭町
100%
2005.10/01 新設合併 北条町 北栄町
100%
2004.10/01 新設合併 羽合町 湯梨浜町
92%
2004.10/01 新設合併 泊村 湯梨浜町
92%
2005.03/28 新設合併 大山町 大山町
92%
2004.09/01 新設合併 東伯町 琴浦町
83%
2004.09/01 新設合併 赤碕町 琴浦町
83%
2004.11/01 編入合併 福部村 鳥取市
83%
2004.11/01 編入合併 用瀬町 鳥取市
83%
2005.01/01 新設合併 岸本町 伯耆町
83%
2005.01/01 新設合併 溝口町 伯耆町
83%
2005.03/31 新設合併 米子市 米子市
83%
2005.03/31 新設合併 淀江町 米子市
83%
2005.03/31 新設合併 八東町 八頭町
83%
2005.10/01 新設合併 大栄町 北栄町
83%
2004.11/01 編入合併 河原町 鳥取市
75%
2004.11/01 編入合併 気高町 鳥取市
75%
2004.11/01 編入合併 青谷町 鳥取市
75%
2005.03/22 編入合併 関金町 倉吉市
75%
2005.03/28 新設合併 名和町 大山町
75%
2005.03/28 新設合併 中山町 大山町
75%
2004.10/01 新設合併 東郷町 湯梨浜町
67%
2004.10/01 新設合併 西伯町 南部町
67%
2004.11/01 編入合併 国府町 鳥取市
67%
2004.11/01 編入合併 佐治村 鳥取市
67%
2004.11/01 編入合併 鹿野町 鳥取市
67%
2005.03/31 新設合併 船岡町 八頭町
67%
2004.10/01 新設合併 会見町 南部町
58%
No matching quizzes found
Score Distribution
Percent of People with Each Score
Percentile by Number Answered
Your Score History
You have not taken this quiz